Fábulas para el siglo XXI

Sparad:
Bibliografiska uppgifter
Huvudupphovsman: Crowley, Ricardo
Materialtyp: Bok
Språk:Undetermined
Publicerad: Guatemala Reprocentro 1988
Upplaga:2
Ämnen:
Taggar: Lägg till en tagg
Inga taggar, Lägg till första taggen!

MARC

LEADER 00000nam a2200000Ia 4500
008 170316s9999 xx 000 0 und d
090 |a 810 C-29f 
100 |a Crowley, Ricardo 
245 |a Fábulas para el siglo XXI 
250 |a 2 
260 |a Guatemala 
260 |b Reprocentro 
260 |c 1988 
300 |a 63 páginas 
650 |a LITERATURA ESTADOUNIDENSE 
999 |c 20918  |d 20918 
040 |a cru BVZT 
942 |c 15 D  |h 810 C-29f  |2 z